Statistics for 2019 AFC Asian Cup Quiz

Click here to take the quiz!

General Stats

  • This quiz has been taken 269 times
    (217 since last reset)
  • The average score is 20 of 24

Answer Stats

GroupTeam% Correct
Group CChina
96%
Group DIran
96%
Group FJapan
95%
Group CSouth Korea
95%
Group DIraq
94%
Group EQatar
93%
Group AIndia
92%
Group ESaudi Arabia
91%
Group AUnited Arab Emirates
91%
Group AThailand
90%
Group DVietnam
89%
Group ENorth Korea
88%
Group BAustralia
87%
Group FOman
84%
Group ABahrain
82%
Group BJordan
81%
Group BSyria
81%
Group ELebanon
80%
Group FUzbekistan
80%
Group DYemen
78%
Group CPhilippines
69%
Group CKyrgyzstan
65%
Group BPalestine
61%
Group FTurkmenistan
61%

Score Distribution

Percentile by Number Answered

Percent of People with Each Score

Your Score History

You have not taken this quiz since the last reset